Quizzes
Events
Quiz Creation
Community
Videos
Private Events
Remove Ads
Sign In
Join for FREE
Feedback
Dark Mode
Quiz Categories
Sports
Geography
Music
Movies
Television
Just For Fun
Miscellaneous
History
Literature
Language
Science
Gaming
Entertainment
Religion
Holiday
For Kids
Quiz Lab
Recent
Popular Today
Quiz Kudos Today
Editor Picks
Curator Picks
Quizzes by...
Day
Popularity
Type
Ratings
Length
Year
Community
Subscriptions
Recent Discussions
Orange Saloon
Badges
Playlists
Quests
Create
Leaderboards
Showdown
Live 5
Trivia Bingo
Activity
Puzzle Library
Sporcle Events
Private Events
Virtual Trivia
Globe League
Become a Host
Pub Owners
SporcleCon
Opinionation
Our Games
Videos
Blog
Mobile Apps
Partnerships
Remove Ads and Go Orange
Feedback
Sports
Athletes
MLB
NBA
NHL
NFL
Soccer
Sports Teams
WWE
NCAA
Football
Premier League
Basketball
Baseball
Hockey
Golf
Tennis
Cricket
Rugby
Auto Racing
Olympics
World Cup
Sports
Athletes
MLB
NBA
NHL
NFL
Soccer
Sports Teams
WWE
NCAA
Football
Premier League
Basketball
Baseball
Hockey
Golf
Tennis
Cricket
Rugby
Auto Racing
Olympics
World Cup
Random Quiz
Search Sporcle
×
Quiz Lab
Quiz Lab
Sports
Perry
Type in answers that appear in a list
Type in answers that appear in a list
Classic
Best Score? Go Orange.
Perry Saturn PPV Opponents Stats
Can you name the Perry Saturn PPV Opponents?
By
MetsFanJA4994
15m
105 Questions
323 Plays
323 Plays
323 Plays
Comments
Comments
Give Quiz Kudos
Give Quiz Kudos
-
- Ratings
hide this ad
Replay
Link that replays current quiz
Next Quiz
Link to next quiz in quiz playlist
You Got
0%
They Got
Avg Score
64%
Avg Friend Score
Upgrade to see
Score Distribution
Jump to the score distribution portion of the page
Score
0/105
Timer
15:00
0
Plays Today
PPV
Opponent
% Correct
WCW StarrCade 1997
Chris Benoit
91.6%
WCW Spring Stampede 1999
Chris Benoit
91.6%
WCW Slamboree 1999
Chris Benoit
91.6%
WCW Halloween Havoc 1999
Eddie Guerrero
91%
WCW Mayhem 1999
Eddie Guerrero
91%
WWF Judgment Day 2000
Eddie Guerrero
91%
WWF Fully Loaded 2000
Eddie Guerrero
91%
WCW Bash At The Beach 1998
Raven
88.9%
WCW Road Wild 1998
Raven
88.9%
WCW Fall Brawl 1998
Raven
88.9%
WWF Unforgiven 2001
Raven
88.9%
WCW Spring Stampede 1999
Dean Malenko
88.5%
WCW Slamboree 1999
Dean Malenko
88.5%
WWF Judgment Day 2000
Dean Malenko
88.5%
WWF Royal Rumble 2001 (Winner)
Steve Austin
87.3%
ECW Barely Legal 1997
Buh Buh Ray Dudley
87%
ECW Barely Legal 1997
D-Von Dudley
87%
WWF Backlash 2000
Jeff Hardy
86.4%
WWF Backlash 2000
Matt Hardy
86.4%
WWF Armageddon 2000
Matt Hardy
86.4%
WWF Armageddon 2000
Jeff Hardy
86.4%
WWF Royal Rumble 2002 (Winner)
Triple H
85.1%
WWF Survivor Series 2000
Billy Gunn
84.5%
WCW Souled Out 1999
Chris Jericho
83.6%
WCW SuperBrawl IX 1999
Chris Jericho
83.6%
WCW Uncensored 1999
Chris Jericho
83.6%
WWF Survivor Series 2000
Road Dogg
83.6%
WWF No Way Out 2000
Grandmaster Sexay
82.7%
WWF WrestleMania 2000
Grandmaster Sexay
82.7%
WWF Insurrextion 2000
Grandmaster Sexay
82.7%
WWF No Way Out 2000
Scotty Too Hotty
82.4%
WWF WrestleMania 2000
Scotty Too Hotty
82.4%
WWF Insurrextion 2000
Scotty Too Hotty
82.4%
WWF Unforgiven 2000
Test
81.4%
WWF Survivor Series 2001 (Winner)
Test
81.4%
PPV
Opponent
% Correct
WWF No Way Out 2000
Rikishi
81.1%
NWA TNA Weekly PPV #39 2003
Mike Barton
81.1%
WWF WrestleMania 2000
Chyna
79.9%
WWF Survivor Series 2000
Chyna
79.9%
WCW The Great American Bash 1999
Diamond Dallas Page
78.3%
WCW Bash At The Beach 1999
Diamond Dallas Page
78.3%
WCW Slamboree 1999
Rey Mysterio
78%
WCW World War 3 1998 (Winner)
Kevin Nash
77.4%
WWF Backlash 2000
Hardcore Holly
75.9%
WWF Insurrextion 2001
Hardcore Holly
75.9%
WCW Slamboree 1999
Billy Kidman
75.5%
WCW Mayhem 1999
Billy Kidman
75.5%
WCW Souled Out 2000
Billy Kidman
75.5%
WWF Backlash 2000
Crash Holly
75.5%
WWF Unforgiven 2000
Crash Holly
75.5%
WWF Insurrextion 2001
Crash Holly
75.5%
WCW SuperBrawl VIII 1998
Booker T
75.2%
WWF Survivor Series 2000
K-Kwik
70.6%
WCW The Great American Bash 1998
Kanyon
68.7%
WCW Road Wild 1998
Kanyon
68.7%
WCW The Great American Bash 1999
Kanyon
68.7%
WCW Bash At The Beach 1999
Kanyon
68.7%
WCW Spring Stampede 1998
Goldberg
67.8%
WCW Slamboree 1998
Goldberg
67.8%
WWF Armageddon 2000
Lita
66.9%
WCW Fall Brawl 1999
Rick Steiner
66.6%
WCW StarrCade 1999
Rick Steiner
66.6%
WWF Unforgiven 2000
Al Snow
66.6%
WWF Unforgiven 2000
Steve Blackman
66.6%
WWF Rebellion 2000
Steve Blackman
66.6%
WWF Judgment Day 2001
Bradshaw
65.6%
WWF Backlash 2000
Taz
65.3%
WWF Judgment Day 2001
Faarooq
64.4%
WCW Bash At The Beach 1999
Bam Bam Bigelow
62.2%
NWA TNA Weekly PPV #42 2003
James Storm
61.3%
PPV
Opponent
% Correct
WCW World War 3 1997
Disco Inferno
56.3%
NWA TNA Weekly PPV #43 2003 (Winner)
Glenn Gilberti
56.3%
NWA TNA Weekly PPV #44 2003
Glenn Gilberti
56.3%
WCW Road Wild 1999
Curt Hennig
55.4%
WCW Road Wild 1999
Barry Windham
51.7%
NWA TNA Weekly PPV #37 2003
Ron Harris
48%
NWA TNA Weekly PPV #37 2003
Don Harris
48%
NWA TNA Weekly PPV #38 2003
Ron Harris
48%
NWA TNA Weekly PPV #38 2003
Don Harris
48%
NWA TNA Weekly PPV #42 2003
Chris Harris
48%
NWA TNA Weekly PPV #42 2003
Ron Harris
48%
NWA TNA Weekly PPV #42 2003
Don Harris
48%
WWA The Retribution 2002
Sabu
45.5%
WWF Unforgiven 2000
Funaki
39%
WCW Road Wild 1999
Bobby Duncum Jr
37.2%
NWA TNA Weekly PPV #37 2003
Christopher Daniels
36.5%
NWA TNA Weekly PPV #38 2003
Christopher Daniels
36.5%
WCW Halloween Havoc 1998
Lodi
35.9%
WCW StarrCade 1999
Kevin Sullivan
35.6%
NWA TNA Weekly PPV #40 2003
Mike Awesome
34.7%
NWA TNA Weekly PPV #41 2003
Mike Awesome
34.7%
WCW World War 3 1998
Ernest Miller
32.8%
WCW StarrCade 1998
Ernest Miller
32.8%
WCW StarrCade 1999
Jim Duggan
32.2%
AWE Night of the Legends 2011
CW Anderson
30%
NWA TNA Weekly PPV #37 2003
Elix Skipper
27.6%
WCW Mayhem 1999
Torrie Wilson
25.4%
WCW StarrCade 1999
Mike Rotunda
22.9%
NWA TNA Weekly PPV #41 2003
Slash
22%
NWA TNA Weekly PPV #42 2003
Slash
22%
NWA TNA Weekly PPV #41 2003
Brian Lee
19.8%
NWA TNA Weekly PPV #42 2003
Brian Lee
19.8%
WWA The Retribution 2002
Simon Diamond
17.6%
WCW World War 3 1998
Sonny Onoo
16.4%
NWA TNA Weekly PPV #49 2003
Kenzo Suzuki
5%
Quiz Playlist
Details
Report
Send in Message
Add To Playlist
Classic:
Type in answers that appear in a list
Last Updated: Sep 14, 2017
Quiz Scoreboard
CHALLENGE
Sign Up to Join the Scoreboard
Show All
Scores
Hide
Comments
May contain spoilers
Recently Published
Billboard Blitz: Fleetwood Mac
by CooCooCachoo
Music
15s
Presidents Visiting Landmarks
by Hejman
History
7m
An Introduction to Baseball
by treessimontrees
Sports
5m
More to Explore
Quiz From the Vault
Featured Blog Post
Where Did the Easter Bunny Come From?
hide this ad
You Might Also Like...
Tags
opponent
Perry
PPV
PPV Opponents
Saturn
Today's Top Quizzes in Sports
Browse Sports
hide this ad
Today's Top Quizzes in Perry
Browse Perry
Top Contributed Quizzes in Sports
1
Les meilleurs buteurs des matchs entre le PSG et l’OM
2
2022 World Cup Stars
3
FIFA Club World Cup Champions
4
Les entraîneurs de l'OM et du PSG au 21e siècle
5
Criteria MLB: Left Handed Sluggers
6
Name the Premier League winners with different clubs
7
5-to-1: UK Sports Teams
8
AFC Teams Reveal (Wrong Answers Minefield)
9
Players with Multiple 50 Home Run Seasons
10
5-to-1: FBS Animal Nicknames
Explore More
Trending Topics
Kpop
Crossword
Disney
NBA
Harry Potter
Anime
Marvel
Puzzle
Song
Soccer
Country
Pokémon
WWE
The Office
NFL
hide this ad
More By:
MetsFanJA4994
Quiz
Plays
Rating
Category
Featured
Created
Jeff Hardy WWE PPV Opponents
790
4.50
Sports
Sep 17, 2012
WWE Women's Championship History
635
5.00
Sports
Feb 29, 2012
Leave it to Beaver Characters
515
4.50
Television
Jan 27, 2012
Zack Ryder PPV Opponents
445
3.50
Sports
Sep 17, 2012
Rob Van Dam WWE PPV Opponents
435
5.00
Sports
Sep 17, 2012
Go to Creator's Profile
Score Distribution
Quiz Creator Spotlight
MetsFanJA4994
Follow
Send a Message
Quizzes Created
-
Created Quiz Play Count
-
More By This Creator
Popular Quizzes Today
1
Find the US States - No Outlines Minefield
2
Find the Countries of Europe - No Outlines Minefield
3
The Countries of the World
4
Find the US States
5
US States
6
Risky Map Clicking: Biggest States A-Z
7
Popular People in 1961
8
Movies - When Are They Set?
More Sports Quizzes
F1 2010-2020 Race Winners
Quiz Lab
Trending Quizzes
Risky Map Clicking: Least Populous States A-Z
1-10 Letter G Words
1-10 Letter F Words
Risky Map Clicking: Next State Alphabetically
Risky Map Clicking: Biggest States A-Z
Recently Updated
Leaping Animals
pecheneg
Reality TV Shows (A-Z)
bhenderson79
Rickey Henderson's Hall of Fame Teammates
pecheneg
Champions League XIs: Arsenal
pecheneg
Quick Pick: Celebrities in WWE's Hall of Fame
aduchscher
A-Z Keypad Blitz II
pecheneg
Multiple Oscar Actors
pecheneg
Mystery Phrase Blitz: Oscar 'Best Actors'
pecheneg
F. Scott Fitzgerald Novels
LTH
Pick 3 Villains
ddd62291
Trending Topics
Anime
Crossword
Disney
Kpop
Harry Potter
NBA
Marvel
The Office
NFL
Soccer
Puzzle
Song
Country
Pokémon
WWE
Your Account Isn't Verified!
In order to create a playlist on Sporcle, you need to verify the email address you used during registration. Go to your
Sporcle Settings
to finish the process.
Report this User
Report this user for behavior that violates our
Community Guidelines
.
Details:
Send Report
Go to the Sporcle.com Mobile Site →
Comments